<?xml version="1.0" encoding="UTF-8"?>
<record
    xmlns:xsi="http://www.w3.org/2001/XMLSchema-instance"
    xsi:schemaLocation="http://www.loc.gov/MARC21/slim http://www.loc.gov/standards/marcxml/schema/MARC21slim.xsd"
    xmlns="http://www.loc.gov/MARC21/slim">

  <leader>01448nam a2200373Ia 4500</leader>
  <controlfield tag="001">000948</controlfield>
  <controlfield tag="008">221003s1989    xx            000 0 spa d</controlfield>
  <datafield tag="035" ind1=" " ind2=" ">
    <subfield code="a">CENDO_598</subfield>
  </datafield>
  <datafield tag="041" ind1=" " ind2=" ">
    <subfield code="a">spa</subfield>
  </datafield>
  <datafield tag="084" ind1=" " ind2=" ">
    <subfield code="a">CD-01049</subfield>
  </datafield>
  <datafield tag="110" ind1=" " ind2=" ">
    <subfield code="a">ESPA&#xD1;A</subfield>
    <subfield code="b">Ministerio de Trabajo y Seguridad Social</subfield>
    <subfield code="b">Direcci&#xF3;n General de Empleo</subfield>
    <subfield code="9">815</subfield>
  </datafield>
  <datafield tag="245" ind1=" " ind2="0">
    <subfield code="a">&lt;El&gt; plan F.I.P. 1985-1989 :</subfield>
    <subfield code="b">ayudas solicitadas por Espa&#xF1;a al Fondo Social Europeo 1990-1993 : informes presentados a la comisi&#xF3;n Delegada del Gobierno para asuntos econ&#xF3;micos el 5 de octubre de 1989 /</subfield>
    <subfield code="c">[informe elaborado por la Direcci&#xF3;n General de Empleo]</subfield>
  </datafield>
  <datafield tag="260" ind1=" " ind2=" ">
    <subfield code="a">Madrid :</subfield>
    <subfield code="b">Ministerio de Trabajo y Seguridad Social, Centro de Publicaciones,</subfield>
    <subfield code="c">1989</subfield>
  </datafield>
  <datafield tag="300" ind1=" " ind2=" ">
    <subfield code="a">51 p. : gr&#xE1;f., tab.  ;</subfield>
    <subfield code="c"> 30 cm</subfield>
  </datafield>
  <datafield tag="490" ind1=" " ind2=" ">
    <subfield code="a">&lt;La&gt; formaci&#xF3;n profesional en Espa&#xF1;a</subfield>
  </datafield>
  <datafield tag="650" ind1=" " ind2=" ">
    <subfield code="a">CUADROS ESTADISTICOS</subfield>
    <subfield code="9">14</subfield>
  </datafield>
  <datafield tag="650" ind1=" " ind2=" ">
    <subfield code="a">EMPLEO</subfield>
    <subfield code="9">51</subfield>
  </datafield>
  <datafield tag="650" ind1=" " ind2=" ">
    <subfield code="a">ESPA&#xD1;A</subfield>
    <subfield code="9">9</subfield>
  </datafield>
  <datafield tag="650" ind1=" " ind2=" ">
    <subfield code="a">FONDO SOCIAL EUROPEO</subfield>
    <subfield code="9">1361</subfield>
  </datafield>
  <datafield tag="650" ind1=" " ind2=" ">
    <subfield code="a">FORMACION PROFESIONAL</subfield>
    <subfield code="9">148</subfield>
  </datafield>
  <datafield tag="650" ind1=" " ind2=" ">
    <subfield code="a">INFORME</subfield>
    <subfield code="9">363</subfield>
  </datafield>
  <datafield tag="650" ind1=" " ind2=" ">
    <subfield code="a">PLAN FIP</subfield>
    <subfield code="9">1360</subfield>
  </datafield>
  <datafield tag="710" ind1=" " ind2=" ">
    <subfield code="a">ESPA&#xD1;A</subfield>
    <subfield code="b">Plan FIP</subfield>
    <subfield code="d">1989</subfield>
    <subfield code="9">39925</subfield>
  </datafield>
  <datafield tag="710" ind1=" " ind2=" ">
    <subfield code="a">ESPA&#xD1;A</subfield>
    <subfield code="b">Plan Nacional de Formaci&#xF3;n e Inserci&#xF3;n Profesional</subfield>
    <subfield code="d">1989</subfield>
    <subfield code="9">1324</subfield>
  </datafield>
  <datafield tag="901" ind1=" " ind2=" ">
    <subfield code="a">2</subfield>
  </datafield>
  <datafield tag="903" ind1=" " ind2=" ">
    <subfield code="a">NO</subfield>
  </datafield>
  <datafield tag="904" ind1=" " ind2=" ">
    <subfield code="a">000</subfield>
  </datafield>
  <datafield tag="906" ind1=" " ind2=" ">
    <subfield code="a">ESPA&#xD1;A</subfield>
    <subfield code="b">Plan FIP</subfield>
    <subfield code="f">1989</subfield>
  </datafield>
  <datafield tag="906" ind1=" " ind2=" ">
    <subfield code="a">ESPA&#xD1;A</subfield>
    <subfield code="b">Plan Nacional de Formaci&#xF3;n e Inserci&#xF3;n Profesional</subfield>
    <subfield code="f">1989</subfield>
  </datafield>
  <datafield tag="910" ind1=" " ind2=" ">
    <subfield code="a">1989</subfield>
  </datafield>
  <datafield tag="942" ind1=" " ind2=" ">
    <subfield code="c">MONOGRAFIA</subfield>
  </datafield>
  <datafield tag="953" ind1=" " ind2=" ">
    <subfield code="d">1995-12-28</subfield>
    <subfield code="y">INFORME</subfield>
    <subfield code="o">CD-01049</subfield>
  </datafield>
  <datafield tag="999" ind1=" " ind2=" ">
    <subfield code="c">597</subfield>
    <subfield code="d">597</subfield>
  </datafield>
  <datafield tag="952" ind1=" " ind2=" ">
    <subfield code="0">0</subfield>
    <subfield code="1">0</subfield>
    <subfield code="4">0</subfield>
    <subfield code="7">0</subfield>
    <subfield code="a">CENDO</subfield>
    <subfield code="b">CENDO</subfield>
    <subfield code="d">1995-12-28</subfield>
    <subfield code="l">0</subfield>
    <subfield code="o">CD-01049</subfield>
    <subfield code="p">CENDO_598</subfield>
    <subfield code="r">2022-10-05 00:00:00</subfield>
    <subfield code="w">2022-10-05</subfield>
    <subfield code="y">MONOGRAFIA</subfield>
  </datafield>
</record>
